000 00779nam a2200205Ia 4500
003 BUBTL
008 151213s9999 xx 000 0 und d
082 _a347.052074/ Az11s/ 2010
100 _aআজাদ, মো : আবুল কালাম
_95255
245 _aশিক্ষানবীশ : (সিভিল ও ক্রিমিনাল সাইড) /
_cমো : আবুল কালাম আজাদ
250 _a১৩ সং
260 _aঢাকা
_bলিপি ’ল’ বুক হউজ
_cc2010
300 _a[cii], 554p. :
_b22 cm.
650 _aLaw
650 _a
700 _aমো : আবুল কালাম আজাদ
_95256
856 _k0
_l0
_yDownload
942 _2ddc
_cBK
999 _c4032
_d4032